Micorrizas: (Registro nro. 8625)

Detalles MARC
000 -CABECERA
Campo de control 00761cam a2200265 a 4500
005 - FECHA Y HORA DE LA ULTIMA TRANSACCION
Campo de control 20150909020002.0
008 - ELEMENTOS DE LONGITUD FIJA—INFORMACION GENERAL
Campo de control 960625|1996 ck a r 00010 ck spa d
015 ## - NATIONAL BIBLIOGRAPHY NUMBER
National bibliography number ck-1996-xxxx
020 ## - ISBN
ISBN 9589129374
041 0# - IDIOMA
Código de idioma para texto/pista de sonido o título separado Español
044 ## - PAÍS DE PUBLICACIÓN
País de publicación Colombia
082 04 - NUMERO DE CLASIFICACION DECIMAL DEWEY
Número de clasificación 631.46
Número del ítem G93m
100 ## - ASIENTO PRINCIPAL--NOMBRE PERSONAL
Nombre personal Guerrero-Forero, Eduardo
245 00 - MENCION DE TITULO
Título Micorrizas:
Parte restante del título recurso biológico del suelo
Mención de responsabilidad Eduardo, Guerrero Forero
260 ## - PUBLICACION, DISTRIBUCION, ETC. (PIE DE IMPRENTA)
Lugar de publicación, distribución, etc. Bogotá
Nombre del editor, distribuidor, etc. Fondo Fen de Colombia
Fecha de publicación, distribución, etc. 1996
300 ## - DESCRIPCION FISICA
Extensión 208 p.
Otros detalles físicos Il.
Dimensiones 24 cm.
504 ## - NOTA DE BIBLIOGRAFIA, ETC.
Nota de bibliografía Incluye referencias bibliográficas (pag 201-206)
650 #6 - ASIENTO SECUNDARIO DE MATERIA - TERMINO TEMATICO
Término temático o nombre geográfico como elemento de entrada Microorganismos de suelos
650 #6 - ASIENTO SECUNDARIO DE MATERIA - TERMINO TEMATICO
Término temático o nombre geográfico como elemento de entrada Micorrizas
Subdivisión general Investigaciones
942 ## - ELEMENTOS ADICIONALES (KOHA)
Sistema de clasificación Dewey Decimal Classification
Tipo de ítem Libro
Koha issues (borrowed), all copies 1
949 ## - LOCAL PROCESSING INFORMATION (OCLC)
a
Existencias
Withdrawn status Lost status Sistema de Clasificación Damaged status No para préstamo Colección Inventariado Ubicación Permanente Ubicación actual Fecha de adquisición Fuente de Valor Valor Total Checkouts Número topográfico Inventario / Código de Barras Date last seen Date checked out Ejemplar Price effective from Forma de adquisición Tipo de material
    Dewey Decimal Classification     General Inventariado 2017 Bogotá Bogotá 25/08/2014 Instituto 39000.00 1 LB-631.46 G93m 034181 08/09/2015 08/09/2015 Ej. 1 25/08/2014   Libro